| 000 | 00624cam a2200181 i 4500 | ||
|---|---|---|---|
| 005 | 20251203103948.0 | ||
| 008 | 250721s1977 ua gr 000 0 ara d | ||
| 082 | 1 | 4 |
_a214.2 _bخ ط ب |
| 100 | 1 |
_aخطاب، عبد المعز. _eمؤلف. |
|
| 245 | 1 | 0 |
_aأسرار الموت والآخرة في القرآن الكريم / _cتاليف عبدالمعز خطاب. |
| 264 | 1 |
_aالقاهرة : _bدار الاعتصام، _c1977. |
|
| 300 | _a95صفحة. | ||
| 650 | 1 | 7 | _aأصول الدين الإسلامي. |
| 650 | 1 | 7 | _aاليوم الآخر. |
| 650 | 1 | 7 | _aالوفاة. |
| 942 |
_2ddc _cBK |
||
| 999 |
_c582 _d582 |
||